| 000 | 00965nam a2200289 i 4500 | ||
|---|---|---|---|
| 001 | 019116191 | ||
| 003 | Uk | ||
| 005 | 20260128111118.0 | ||
| 008 | 180903s2019 enk b 001|0|eng|d | ||
| 020 |
_a9781785042218 _qpaperback |
||
| 040 |
_aStDuBDS _beng _cStDuBDS _dUk _duoc _erda |
||
| 082 | 0 | 4 |
_a616.8589 _223 _bGAB |
| 100 | 1 |
_aMaté, Gabor, _eauthor. |
|
| 240 |
_aAttention Deficit Disorder. _lEnglish |
||
| 245 | 1 | 0 |
_aScattered minds/ _cGabor Maté, M.D. |
| 250 | _bInternational bestseller. | ||
| 264 | 1 |
_aLondon : _bVermilion, _c2019. |
|
| 264 | 4 | _c© Gabor Maté 2019. | |
| 300 |
_axiv, 348 pages : _c20 cm. |
||
| 336 |
_atext _2rdacontent _btxt |
||
| 337 |
_aunmediated _2rdamedia _bn |
||
| 338 |
_avolume _2rdacarrier _bnc |
||
| 504 | _aIncludes bibliographical references and index. | ||
| 650 | 0 |
_aAttention-deficit disorder in adults _vPopular works. _94244 |
|
| 650 | 0 |
_aAttention-deficit hyperactivity disorder _vPopular works. _94244 |
|
| 942 |
_2ddc _cBK |
||
| 999 |
_c1794 _d1794 |
||